00898nam a2200217 a 450000100100000000500170001000800410002702000150006804000250008308200160010824501310012426000640025530000370031949000340035650000730039070000360046383000410049904900090054095201140054999900170066300001648720240715140508.0100305s2002 dr 001 0 spa d a9993424080 aDO-SdBNPbspacBNPHU axxxxbE244d10aEducación en derechos humanos, ciudadanía y formación crítica de maestros y maestras /cedición Raymundo González. aSanto Domingo :bCentro Cultural Proveda,c2002.fMayobanet a218 p. :bil., gráf. ;c24 cm.1 aAnuarios pedagógicosvno. 5 aIncluye referencias bibliográficas y notas al pie de las páginas aGonzález, Raymundoeed.96373 0aAnuarios pedagógicosvno. 2936714 aBNPD 0010718PDaPDbPDcCTd2010-03-05iLF1l0oxxxx E244dp16487-10r2020-06-25w2020-06-25yLFPDZNo se presta c16022d16022